| 000 | 01729nam a2200385 c 4500 | ||
|---|---|---|---|
| 003 | BLK | ||
| 005 | 20180420213435.0 | ||
| 008 | 180412b bul|||||r ||||||| ||bul|| | ||
| 010 | _aKNG00002739000 | ||
| 020 |
_a954-90827-2-5 _bиздат.: Инфонет-2000 |
||
| 040 | _aBLK | ||
| 041 |
_aBUL _cBUL |
||
| 080 |
_aФармация. Фармакология. Обща терапия. Токсикология. Интензивна терапия _b615 _x(035) _z615(035) |
||
| 080 |
_aСпециална патология _b616.1/.9 _x(035) _z616.1/.9(035) |
||
| 100 | 1 |
_aБреслър, Майкъл _eпърви автор _943251 |
|
| 700 | 1 |
_aСтърнбах, Джордж _eсъавт. _9126622 |
|
| 700 | 1 |
_aПопов, Добрин _eпрев. от англ. _9244870 |
|
| 139 |
_aБреслър, Майкъл и др. _bБ 80 |
||
| 245 | 1 | 0 |
_aСпешна медицина _bНаръчник на лекаря _cМайкъл Бреслър; съавт. Джордж Стърнбах; прев. от англ. Добрин Попов. |
| 260 |
_аСофия _bИнфонет-2000 _c2001 _fСофия : Д. Благоев |
||
| 300 |
_a350 с. _c23 см |
||
| 380 | _a61 | ||
| 500 | _aОриг. загл. Manual of emergency medicine / Michael J. Bresler, George L. Sternbach. | ||
| 650 | 4 |
_aНеотложни случаи [медицина] _9164160 |
|
| 650 | 4 |
_aТерапия, интензивна _9244871 |
|
| 650 | 4 |
_aБолести - диагностика и лечение _9244872 |
|
| 653 | _aСпешна помощ | ||
| 653 | _aтерапия | ||
| 653 | _aбърза помощ | ||
| 852 | _aЦб 210697 | ||
| 856 | 4 |
_qpdf _u |
|
| 856 | 4 |
_qpdf _u |
|
| 942 |
_cKNG _n0 |
||
| 944 |
_aCR _c15.01.2003 _kВаля_Йорданова |
||
| 944 |
_aED _c19.09.2005 _k |
||
| 999 |
_c1838 _d1838 |
||